[Event "St Petersburg Korchnoi Memorial op"]
[Site "St Petersburg"]
[Date "2023.08.23"]
[Round "8"]
[White "Zemnitskiy, Alexander"]
[Black "Shakuro, Petr E"]
[Result "1/2-1/2"]
[WhiteElo "2117"]
[BlackElo "1000"]
[PlyCount "86"]
[EventDate "2023.08.18"]
[EventType "swiss"]
[EventRounds "9"]
[EventCountry "RUS"]
[SourceTitle "EXT 2024"]
[Source "ChessBase"]
[SourceDate "2023.10.10"]
[SourceVersion "1"]
[SourceVersionDate "2023.10.10"]
[SourceQuality "1"]

1. d4 d5 2. Nf3 Nf6 3. Bg5 e6 4. e3 c5 5. c3 Nbd7 6. Nbd2 Be7 7. Bd3 0-0 8. 0-0 b6 9. Qb1 Bb7 10. Ne5 h6 11. Bxf6 Bxf6 12. f4 Nxe5 13. fxe5 Bg5 14. Qe1 f5 15. exf6 Bxf6 16. Qg3 Qe8 17. Nf3 Bc6 18. a4 b5 19. Ne5 Bxe5 20. Rxf8+ Kxf8 21. Qxe5 bxa4 22. dxc5 Kg8 23. Rf1 Qd7 24. Qg3 Bb5 25. Bxb5 Qxb5 26. Qd6 Kh7 27. Qxe6 Qxc5 28. Rf7 Rg8 29. Rb7 a3 30. bxa3 Qxc3 31. h3 Qxa3 32. Kh2 Rd8 33. Qe5 Qf8 34. Rxa7 Kh8 35. Re7 Qg8 36. g4 Rf8 37. Re6 Kh7 38. Qxd5 Qf7 39. Qf5+ Qxf5 40. gxf5 Rxf5 41. Kg3 Kg8 42. Re8+ Kf7 43. Ra8 Ke6 1/2-1/2

[Event "St Petersburg Korchnoi Memorial op"]
[Site "St Petersburg"]
[Date "2023.08.19"]
[Round "3"]
[White "Isanzhulov, Arystan"]
[Black "Zemnitskiy, Alexander"]
[Result "1-0"]
[WhiteElo "2435"]
[BlackElo "2117"]
[PlyCount "49"]
[EventDate "2023.08.18"]
[EventType "swiss"]
[EventRounds "9"]
[EventCountry "RUS"]
[SourceTitle "EXT 2024"]
[Source "ChessBase"]
[SourceDate "2023.10.10"]
[SourceVersion "1"]
[SourceVersionDate "2023.10.10"]
[SourceQuality "1"]

1. e4 c5 2. Nf3 Nf6 3. e5 Nd5 4. Nc3 e6 5. Nxd5 exd5 6. d4 Nc6 7. dxc5 Bxc5 8. Qxd5 d6 9. Bc4 Be6 10. Qd3 Bxc4 11. Qxc4 Qb6 12. 0-0 dxe5 13. Qg4 g6 14. Qh3 f5 15. Qh4 e4 16. Ng5 h6 17. Ne6 Be7 18. Qg3 Kf7 19. Nf4 Nd4 20. Be3 g5 21. Bxd4 Qxd4 22. Qb3+ Ke8 23. Ng6 Rd8 24. Nxh8 Qxh8 25. Qb5+ 1-0

[Event "St Petersburg Summer op"]
[Site "St Petersburg"]
[Date "2017.08.20"]
[Round "5"]
[White "Doroshenko, Diana"]
[Black "Zemnitskiy, Alexander"]
[Result "1/2-1/2"]
[WhiteElo "2204"]
[BlackElo "1990"]
[PlyCount "143"]
[EventDate "2017.08.16"]
[EventType "swiss"]
[EventRounds "9"]
[EventCountry "RUS"]
[SourceTitle "CBM 180 Extra"]
[Source "ChessBase"]
[SourceDate "2017.10.06"]
[SourceVersion "1"]
[SourceVersionDate "2017.10.06"]
[SourceQuality "1"]

1. e4 c6 2. d4 d5 3. exd5 cxd5 4. Bd3 Nc6 5. c3 g6 6. h3 Bg7 7. Nf3 Nf6 8. Qc2 Qc7 9. 0-0 0-0 10. Re1 Nh5 11. Be3 Nf4 12. Bf1 Nh5 13. Nbd2 Bf5 14. Qb3 Nf6 15. Bg5 Rfd8 16. Rac1 Ne4 17. Bh4 Bh6 18. Bg3 Nxg3 19. fxg3 Qxg3 20. Kh1 Rab8 21. Rcd1 a6 22. Be2 Be4 23. Nxe4 dxe4 24. Nh2 e6 25. Qc2 f5 26. Bc4 Rd6 27. a3 Ne7 28. Nf1 Qh4 29. Kg1 Nd5 30. Qf2 Qe7 31. Bb3 Nf4 32. Bc2 b5 33. Kh2 Nd5 34. g3 Rc8 35. Bb3 Kh8 36. Qe2 Nb6 37. Ne3 Bxe3 38. Qxe3 Nd5 39. Qe2 Qc7 40. Rf1 Nb6 41. h4 Kg7 42. Rh1 h5 43. Kg2 Nc4 44. Bxc4 Qxc4 45. Qxc4 bxc4 46. Rhe1 Rd5 47. Kf2 Rb8 48. Re2 e5 49. Ke3 Kf6 50. dxe5+ Kxe5 51. Rxd5+ Kxd5 52. Kf4 Rb6 53. Rd2+ Ke6 54. Rd4 Rc6 55. Rd8 Rd6 56. Rc8 Kd5 57. Rc7 Re6 58. Ke3 Rb6 59. Rd7+ Ke5 60. Rc7 Rxb2 61. Rc5+ Kd6 62. Ra5 Rb6 63. Kd4 Rc6 64. Re5 Kc7 65. Re7+ Kb6 66. Re5 Kc7 67. Re7+ Kd6 68. Re5 Rb6 69. Ra5 Rc6 70. Re5 Rc8 71. Ra5 Rc6 72. Re5 1/2-1/2

[Event "RUS-chT U14"]
[Site "Sochi"]
[Date "2017.05.10"]
[Round "9.4"]
[White "Gavrilin, Roman"]
[Black "Zemnitskiy, Alexander"]
[Result "1/2-1/2"]
[WhiteElo "1668"]
[BlackElo "2010"]
[PlyCount "129"]
[EventDate "2017.05.01"]
[EventType "team-tourn"]
[EventRounds "9"]
[EventCountry "RUS"]
[SourceTitle "CBM 178 Extra"]
[Source "ChessBase"]
[SourceDate "2017.06.22"]
[SourceVersion "1"]
[SourceVersionDate "2017.06.22"]
[SourceQuality "1"]

1. e4 c5 2. Nf3 d6 3. d4 cxd4 4. Nxd4 Nf6 5. Nc3 a6 6. g3 e5 7. Nde2 Be7 8. Bg2 b5 9. Nd5 Bb7 10. Nec3 Nbd7 11. 0-0 0-0 12. a4 Nxd5 13. Nxd5 Bxd5 14. exd5 b4 15. a5 Nc5 16. Be3 Qc7 17. Qd2 Rab8 18. Bxc5 Qxc5 19. Rfc1 h6 20. Qe3 Qc7 21. Qd3 Bg5 22. Rd1 Rb5 23. Bf1 Rxa5 24. Rxa5 Qxa5 25. Qxa6 Qxa6 26. Bxa6 Ra8 27. Bc4 f5 28. Kg2 e4 29. Kf1 Bf6 30. Rb1 g5 31. Ke2 Kf7 32. h3 h5 33. Ke3 Be5 34. Be2 g4 35. hxg4 hxg4 36. Bc4 Kg6 37. Bb3 Ra7 38. Bc4 Kg5 39. Bb3 Re7 40. Bc4 f4+ 41. gxf4+ Bxf4+ 42. Ke2 Rc7 43. Bb3 Rh7 44. Rg1 Rh2 45. Kf1 Be5 46. Rg2 Rh1+ 47. Rg1 Rh3 48. Ke2 Bxb2 49. Ba4 Rh7 50. Ke3 Kf5 51. Bb5 Rh3+ 52. Ke2 Kf4 53. Bd7 Rh4 54. Rg3 Bd4 55. Rg2 Bc5 56. Be6 Ke5 57. Rxg4 Rxg4 58. Bxg4 Kxd5 59. f3 e3 60. Bf5 Kc4 61. Bh7 Kc3 62. Bg6 d5 63. Bh7 d4 64. Bg6 Bd6 65. Bh7 1/2-1/2

[Event "RUS-chT U14"]
[Site "Sochi"]
[Date "2017.05.09"]
[Round "8.2"]
[White "Zemnitskiy, Alexander"]
[Black "Tsoi, Dmitry"]
[Result "0-1"]
[WhiteElo "2010"]
[BlackElo "2305"]
[PlyCount "60"]
[EventDate "2017.05.01"]
[EventType "team-tourn"]
[EventRounds "9"]
[EventCountry "RUS"]
[SourceTitle "CBM 178 Extra"]
[Source "ChessBase"]
[SourceDate "2017.06.22"]
[SourceVersion "1"]
[SourceVersionDate "2017.06.22"]
[SourceQuality "1"]

1. e4 c5 2. Nf3 d6 3. Bc4 Nf6 4. e5 dxe5 5. Nxe5 e6 6. Qe2 Bd6 7. f4 0-0 8. b3 a6 9. a4 b6 10. Bb2 Bb7 11. 0-0 Qe7 12. Na3 Nbd7 13. Rae1 Nd5 14. Bd3 Bb8 15. Qg4 N7f6 16. Qh4 h6 17. Ng4 Nxg4 18. Qxg4 f5 19. Bxf5 Rxf5 20. Rxe6 Qf7 21. Rg6 Rf6 22. Bxf6 Nxf6 23. Qf5 Be4 24. Qc8+ Kh7 25. Rg3 Bxf4 26. Qxa8 Bxa8 27. Rxf4 Qd5 28. Nc4 Nh5 29. Nxb6 Qc6 30. Nxa8 Nxf4 0-1

[Event "RUS-chT U14"]
[Site "Sochi"]
[Date "2017.05.02"]
[Round "2.3"]
[White "Tsvetkov, Andrey1111"]
[Black "Zemnitskiy, Alexander"]
[Result "1-0"]
[WhiteElo "2066"]
[BlackElo "2010"]
[PlyCount "63"]
[EventDate "2017.05.01"]
[EventType "team-tourn"]
[EventRounds "9"]
[EventCountry "RUS"]
[SourceTitle "CBM 178 Extra"]
[Source "ChessBase"]
[SourceDate "2017.06.22"]
[SourceVersion "1"]
[SourceVersionDate "2017.06.22"]
[SourceQuality "1"]

1. d4 d5 2. c4 Nc6 3. Nc3 dxc4 4. d5 Ne5 5. Qd4 Ng6 6. e4 e5 7. Qxc4 a6 8. Be3 Nf6 9. f3 Bd6 10. 0-0-0 h5 11. g3 h4 12. Bg2 b5 13. Qb3 Bd7 14. Nge2 b4 15. Na4 Bb5 16. Qc2 Nd7 17. Kb1 Nb6 18. Nxb6 cxb6 19. Rhf1 a5 20. f4 a4 21. Qd2 Qe7 22. Rf2 b3 23. a3 Bc4 24. f5 Nf8 25. Nc3 b5 26. Bf1 Bxf1 27. Rfxf1 b4 28. axb4 Nd7 29. f6 gxf6 30. Nb5 Bxb4 31. Qc1 Bd6 32. Qc6 1-0

[Event "RUS-chT U14"]
[Site "Sochi"]
[Date "2016.05.10"]
[Round "9.2"]
[White "Zemnitskiy, Alexander"]
[Black "Tarasov, Danila"]
[Result "1-0"]
[WhiteElo "2024"]
[BlackElo "1859"]
[PlyCount "81"]
[EventDate "2016.05.01"]
[EventType "team-tourn"]
[EventRounds "9"]
[EventCountry "RUS"]
[SourceTitle "EXT 2018"]
[Source "ChessBase"]
[SourceDate "2017.10.13"]
[SourceVersion "1"]
[SourceVersionDate "2017.10.13"]
[SourceQuality "1"]

1. e4 e6 2. d4 d5 3. Nc3 Nc6 4. Nf3 Nf6 5. Bg5 Be7 6. e5 Nd7 7. Bxe7 Nxe7 8. Bd3 a6 9. b4 b6 10. Ne2 Bb7 11. 0-0 c5 12. c3 Ng6 13. Nd2 Ngxe5 14. dxe5 Nxe5 15. Bc2 cxb4 16. cxb4 Qh4 17. f4 Ng4 18. Nf3 Qe7 19. Qd4 0-0 20. Ne5 Nxe5 21. fxe5 Rac8 22. Bd3 Rc6 23. Rfc1 Rfc8 24. Rxc6 Rxc6 25. Rc1 Rxc1+ 26. Nxc1 g6 27. Nb3 Qg5 28. g3 h5 29. Kf2 a5 30. h4 Qd8 31. bxa5 bxa5 32. Qc5 Qb8 33. Qd6 Qa7+ 34. Nc5 a4 35. Qc7 a3 36. Ke2 Kg7 37. Nxe6+ Kg8 38. Nd8 Qg1 39. Qxf7+ Kh8 40. Qf6+ Kg8 41. Qxg6+ 1-0

[Event "RUS-chT U14"]
[Site "Sochi"]
[Date "2016.05.04"]
[Round "4.4"]
[White "Zemnitskiy, Alexander"]
[Black "Dunaev, Denis"]
[Result "1-0"]
[WhiteElo "2024"]
[BlackElo "1628"]
[PlyCount "79"]
[EventDate "2016.05.01"]
[EventType "team-tourn"]
[EventRounds "9"]
[EventCountry "RUS"]
[SourceTitle "EXT 2018"]
[Source "ChessBase"]
[SourceDate "2017.10.13"]
[SourceVersion "1"]
[SourceVersionDate "2017.10.13"]
[SourceQuality "1"]

1. e4 e6 2. d4 d5 3. Nc3 Nf6 4. e5 Nfd7 5. f4 c5 6. Nf3 Nc6 7. Be3 Qb6 8. a3 cxd4 9. Nxd4 Bc5 10. Na4 Qa5+ 11. c3 Bxd4 12. Bxd4 Nxd4 13. Qxd4 0-0 14. Bd3 a6 15. 0-0 Qc7 16. b4 b5 17. Nb2 Nb6 18. a4 Bd7 19. a5 Nc4 20. Nxc4 dxc4 21. Be4 Rab8 22. Rad1 Rfd8 23. Qc5 Rbc8 24. Rd6 Qxc5+ 25. bxc5 Rxc5 26. Rfd1 Rc7 27. Bc6 Rxc6 28. Rxc6 Kf8 29. Rxa6 Ke7 30. Rad6 b4 31. cxb4 c3 32. Rc1 Bb5 33. Rxd8 Kxd8 34. Rxc3 g6 35. Rc5 Bd3 36. b5 Be4 37. a6 Ba8 38. b6 Bd5 39. Rxd5+ exd5 40. a7 1-0

[Event "Chigorin Memorial 23rd"]
[Site "St Petersburg"]
[Date "2015.10.07"]
[Round "5"]
[White "Zemnitskiy, Alexander"]
[Black "Soldatov, Arnold"]
[Result "1/2-1/2"]
[WhiteElo "1856"]
[BlackElo "2085"]
[PlyCount "111"]
[EventDate "2015.10.03"]
[EventType "swiss"]
[EventRounds "9"]
[EventCountry "RUS"]
[SourceTitle "CBM 168 Extra"]
[Source "ChessBase"]
[SourceDate "2015.10.29"]
[SourceVersion "1"]
[SourceVersionDate "2015.10.29"]
[SourceQuality "1"]

1. e4 c5 2. Nf3 d6 3. d4 cxd4 4. Nxd4 Nf6 5. Nc3 a6 6. Be2 e6 7. Be3 Qc7 8. 0-0 Be7 9. f4 0-0 10. f5 Nc6 11. Kh1 Ne5 12. a4 Nc4 13. Bc1 d5 14. exd5 Nxd5 15. Nxd5 exd5 16. Bf4 Qd8 17. b3 Nd6 18. Bf3 Nxf5 19. Nxf5 Bxf5 20. Qxd5 Qxd5 21. Bxd5 Bxc2 22. Rac1 Rad8 23. Rxc2 Rxd5 24. Rc7 Bb4 25. Rxb7 a5 26. Rb5 Rd7 27. Rc1 f6 28. h4 Re8 29. Rc7 Ree7 30. Rxd7 Rxd7 31. Be3 Rd1+ 32. Kh2 Rd3 33. Bb6 Rxb3 34. Bxa5 Bd6+ 35. Kg1 Ra3 36. Bb4 Bxb4 37. Rxb4 g6 38. Kf2 h5 39. g4 hxg4 40. Rxg4 Kh7 41. Rf4 Kh6 42. Rxf6 Rxa4 43. Kg3 Kh5 44. Rf8 Rg4+ 45. Kh3 Rxh4+ 46. Kg3 Rg4+ 47. Kh3 Rg1 48. Rh8+ Kg5 49. Ra8 Rb1 50. Ra5+ Kh6 51. Ra3 g5 52. Kg4 Rg1+ 53. Kh3 Kh5 54. Kh2 Rc1 55. Kg3 Rc4 56. Rb3 1/2-1/2